Statistics for Top 15 Countries with Covid-19 Deaths - 21 July 2021

Click here to take the quiz!

General Stats

  • This quiz has been taken 11 times
  • The average score is 14 of 25

Answer Stats

country% Correct
France
100%
Mexico
100%
United States
100%
Spain
91%
United Kingdom
91%
Brazil
82%
Argentina
73%
Germany
73%
India
73%
Italy
73%
Colombia
64%
Peru
64%
Indonesia
55%
Iran
55%
Russia
55%
Czechia
45%
Belgium
36%
Hungary
36%
Bosnia and
Herzegovina
27%
Croatia
27%
North Macedonia
27%
Paraguay
27%
Slovakia
27%
Slovenia
27%
Bulgaria
18%

Score Distribution

Percentile by Number Answered

Percent of People with Each Score

Your Score History

You have not taken this quiz